Effective speaking (Record no. 103906)

MARC details
000 -LEADER
fixed length control field 00788cam a2200169 4500
008 - FIXED-LENGTH DATA ELEMENTS--GENERAL INFORMATION
fixed length control field 041222n1985 000 0 eng u
020 ## - INTERNATIONAL STANDARD BOOK NUMBER
International Standard Book Number 020347290X
035 ## - SYSTEM CONTROL NUMBER
System control number (Sirsi) u128404
041 ## - LANGUAGE CODE
Language code of text/sound track or separate title eng
100 ## - MAIN ENTRY--PERSONAL NAME
Personal name Turk, Christopher
245 ## - TITLE STATEMENT
Title Effective speaking
260 ## - PUBLICATION, DISTRIBUTION, ETC.
Date of publication, distribution, etc. 1985
520 ## - SUMMARY, ETC.
Summary, etc. Provides the hard scientific information about audience psychology, text preparation, presentation methods, voice production, body language and persuasive advocacy which will help would-be speakers improve their performance. The emphasis throughout is on practical self-help, on methods which have been shown to work, with clear explanations of just why they are effective.
650 ## - SUBJECT ADDED ENTRY--TOPICAL TERM
Topical term or geographic name entry element PUBLIC SPEAKING
690 ## - LOCAL SUBJECT ADDED ENTRY--TOPICAL TERM (OCLC, RLIN)
Topical term or geographic name as entry element MANAGEMENT-BUSINESS MANAGEMENT-PROFESSIONAL PRACTICE
942 ## - ADDED ENTRY ELEMENTS (KOHA)
Suppress in OPAC 0

No items available.